| 000 | 00464nam a2200157Ia 4500 | ||
|---|---|---|---|
| 008 | 210716s2001 xx 000 0 und d | ||
| 020 | _a8176563757 | ||
| 041 | _aeng | ||
| 082 | _a005.73 CHAS | ||
| 100 | _aChattopadhyay, Samiran; Dastidar, Debabrata Ghosh; Chattopadhyay, Matangini. | ||
| 245 | _aData structures through c language. | ||
| 250 | _a1 | ||
| 260 |
_aNew Delhi _bBPB Publications _c2001 |
||
| 300 | _aix,494,23 | ||
| 650 | _aData Structures(005.73) | ||
| 999 |
_c184736 _d184736 |
||